00328nam a2200133Ia 4500008004100000020001500041041001200056082001100068100002000079245005400099260002500153300000800178650000800186221030s9999 xx 000 0 und d a8120309531 aEnglish a105.23 aD. V. S. Murthy 0aTransducers & Instrumentationcby D. V. S. Murthy bPHIaNew Delhic2007 a557 aECE